| 000 | 00468nam a2200169Ia 4500 | ||
|---|---|---|---|
| 999 |
_c31655 _d31655 |
||
| 003 | OSt | ||
| 005 | 20200730144742.0 | ||
| 008 | 190216s9999||||xx |||||||||||||| ||und|| | ||
| 040 | _coclc | ||
| 082 |
_a515.35 _bBAL/D |
||
| 100 |
_aBali, N P _93724 |
||
| 245 | 0 |
_aDifferential Equations / _cN P Bali |
|
| 260 |
_bLaxmi Publication Ltd, _aNew Delhi: |
||
| 300 | _a491p | ||
| 650 | _aMathematics | ||
| 942 |
_cBK _2ddc _h515.35 _iBAL/D _k515.35 _mBAL/D |
||